El turismo, ¿fin de época? : (Record no. 68007)

MARC details
000 -LEADER
campo de control de longitud fija 00735nmm a2200193Ia 4500
008 - DATOS DE LONGITUD FIJA--INFORMACIÓN GENERAL
campo de control de longitud fija 251105s9999||||xx |||||||||||||||||und||
041 ## - CÓDIGO DE IDIOMA
Código de lengua del texto/banda sonora o título independiente spa
100 ## - ENTRADA PRINCIPAL--NOMBRE DE PERSONA
Nombre de persona López Palomeque, Francisco
245 #0 - MENCIÓN DEL TÍTULO
Título El turismo, ¿fin de época? :
Resto del título Desafíos de España como destino turístico en un nuevo escenario
264 ## - PRODUCCIÓN, PUBLICACIÓN, DISTRIBUCIÓN, FABRICACIÓN Y COPYRIGHT
Producción, publicación, distribución, fabricación y copyright [Madrid, España] :
Nombre del de productor, editor, distribuidor, fabricante Publicaciones de la Universidad de Valencia (PUV),
Fecha de producción, publicación, distribución, fabricación o copyright [Fecha de publicación no identificada]
300 ## - DESCRIPCIÓN FÍSICA
Extensión 0 páginas
490 ## - MENCIÓN DE SERIE
Mención de serie Desarrollo territorial
700 ## - ENTRADA AGREGADA--NOMBRE PERSONAL
Nombre de persona López Palomeque, Francisco
700 1# - ENTRADA AGREGADA--NOMBRE PERSONAL
Nombre de persona Vera Rebollo, José Fernando
700 1# - ENTRADA AGREGADA--NOMBRE PERSONAL
Nombre de persona Torres Delgado, Anna
700 1# - ENTRADA AGREGADA--NOMBRE PERSONAL
Nombre de persona Ivars Baidal, Josep A.
856 ## - LOCALIZACIÓN Y ACCESO ELECTRÓNICOS
Identificador Uniforme de Recursos <a href="https://public.digitaliapublishing.com/a/113373">https://public.digitaliapublishing.com/a/113373</a>
942 ## - ELEMENTOS DE ENTRADA SECUNDARIOS (KOHA)
Tipo de ítem Koha Libro Digital

No items available.

Powered by Koha